|
|
|
|
| LEADER |
00000nam a2200000 a 4500 |
| 001 |
UCZ3322 |
| 003 |
CL-VaPUC |
| 008 |
951020e19680000SP |||||||||||||||||spa|d |
| 082 |
0 |
4 |
|a 370.1
|b GRI
|2 21
|
| 100 |
0 |
|
|a Griéger, Paul
|e author
|9 347118
|
| 245 |
1 |
0 |
|a Tratado de pedagogía
|
| 250 |
|
|
|a 2a. ed
|
| 300 |
|
|
|a v
|
| 942 |
|
|
|c BK
|
| 945 |
|
|
|d 19951020 00:00:00
|a cmena
|
| 260 |
|
|
|a Alcoy
|b Marfil
|c 1968
|
| 500 |
|
|
|a v.1: Pedagogía general
|
| 650 |
|
0 |
|a Educación
|9 258661
|
| 650 |
|
0 |
|a Filosofía de la educación
|9 258384
|
| 650 |
|
7 |
|a PAPEL DE LA EDUCACION
|2 CL-VaPUC
|9 338800
|
| 650 |
|
0 |
|a Sociología de la educación
|9 260380
|
| 650 |
|
0 |
|a Métodos de enseñanza
|9 270413
|
| 583 |
|
|
|a last modification
|c 19951020 00:00:00
|k Rodrigo Vera
|
| 999 |
|
|
|c 239808
|d 239806
|
| 952 |
|
|
|0 0
|1 0
|4 0
|6 370_100000000000000_GRI_1968
|7 0
|8 P
|9 251226
|a BIBEDU
|b BIBEDU
|c BIBEDU_PB
|d 2019-11-18
|h v.1
|i 1585592
|o 370.1 GRI 1968
|p 1585592
|r 2024-01-25
|w 2019-11-18
|y BK
|k FIL
|